| 000 | 00451nam a2200157Ia 4500 | ||
|---|---|---|---|
| 008 | 210210b1977 xxu||||| |||| 00| 0 eng d | ||
| 082 | _a658.4 DUBH | ||
| 100 | _aDUBIN (Robert). | ||
| 245 | _aHuman relations in administration. Ed 4. | ||
| 250 | _a | ||
| 260 |
_aDelhi. _bPrentice-Hall of India Private Limited _c1977 |
||
| 300 | _axiv,626 | ||
| 650 | _aHuman Relations, Administration | ||
| 690 | _aOrganisational Behaviour | ||
| 906 | _aSG01383 | ||
| 999 |
_c112805 _d112805 |
||